| 000 | 00586nam a2200193 a 4500 | ||
|---|---|---|---|
| 001 | ASINB0072HY79E | ||
| 005 | 20170105102844.0 | ||
| 008 | 130805s2010 xxu eng d | ||
| 020 | _a8130914190 (hardcover) | ||
| 020 | _a9788130914190 (hardcover) | ||
| 040 | _a0 | ||
| 082 | _a200.9 JOY 2010 | ||
| 100 | 1 | _aFrey, Rebecca Joyce. | |
| 245 | 1 | 0 |
_aGlobal issues : _bfundamentalism / _cRebecca Joyce Frey. |
| 260 |
_a[S.l.] : _bViva, _c2010. |
||
| 300 | _a1 v. (unpaged) | ||
| 856 | 4 | 0 |
_3Amazon.com _uhttp://www.amazon.com/exec/obidos/ASIN/B0072HY79E/chopaconline-20 |
| 942 |
_2ddc _cBK |
||
| 999 |
_c13976 _d13976 |
||